000 01380cam a2200337 a 4500
005 20260322212044.0
008 data
010 _a 2003054365
020 _a0743223594
020 _a9780743223591
040 _aDLC
_cDLC
_dDLC
043 _an-us---
050 0 0 _aE883.B87
_bB87 2003
082 0 0 _aB
_aB
_221
099 _aBUSHB
100 1 _aBush, Barbara,
_d1925-
245 1 0 _aReflections :
_blife after the White House /
_cBarbara Bush.
260 _aNew York :
_bScribner,
_cc2003.
300 _ax, 420 p., [8] p. of plates :
_bill. (some col.) ;
_c24 cm.
500 _a"A Lisa Drew book."
500 _aIncludes index.
600 1 0 _aBush, Barbara,
_d1925-
600 1 0 _aBush, George,
_d1924-
650 0 _aPresidents' spouses
_zUnited States
_vBiography.
856 4 2 _3Contributor biographical information
_uhttp://www.loc.gov/catdir/bios/simon052/2003054365.html
856 4 2 _3Publisher description
_uhttp://www.loc.gov/catdir/description/simon041/2003054365.html
906 _a7
_bcbc
_corignew
_d1
_eocip
_f20
_gy-gencatlg
925 0 _aacquire
_b2 shelf copies
_xpolicy default
955 _dlk29 2003-06-16 subj, to SL
_elk13 2003-06-17 to Dewey
_fpv01 2003-11-29 CIP ver to BCCD
001 data
999 _c1040
_d1040